<?xml version="1.0" encoding="UTF-8"?>
<collection xmlns="http://www.loc.gov/MARC21/slim">
  <record>
    <leader>00000nam  2200000   4500</leader>
    <controlfield tag="001">INLIS000000000017150</controlfield>
    <controlfield tag="005">20240607033443</controlfield>
    <datafield tag="035" ind1="#" ind2="#">
      <subfield code="a">0010-0624000053</subfield>
    </datafield>
    <datafield tag="245" ind1="1" ind2="#">
      <subfield code="a">Kolaborasi dalam Pengawasan dan Penegakkan Hukum Perusahaan Pertambangan Pada Objek Pasca Tambang di Indonesia /</subfield>
      <subfield code="c">Dedi Supriyadi</subfield>
    </datafield>
    <datafield tag="100" ind1=" " ind2="#">
      <subfield code="a">Dedi Supriyadi</subfield>
    </datafield>
    <datafield tag="300" ind1="#" ind2="#">
      <subfield code="a">100 halaman ;</subfield>
      <subfield code="c">30 cm</subfield>
    </datafield>
    <datafield tag="856" ind1="#" ind2="#">
      <subfield code="a">Perpustakaan LAN Pusat</subfield>
    </datafield>
    <datafield tag="260" ind1="#" ind2="#">
      <subfield code="a">Jakarta :</subfield>
      <subfield code="b">Pusbangkom Pimnas dan Manajerial ASN,</subfield>
      <subfield code="c">2023</subfield>
    </datafield>
    <datafield tag="084" ind1="#" ind2="#">
      <subfield code="a">R 029 PIM I 2023</subfield>
    </datafield>
    <datafield tag="650" ind1="#" ind2="4">
      <subfield code="a">Kolaborasi</subfield>
    </datafield>
    <datafield tag="600" ind1="#" ind2="4">
      <subfield code="a">pengawasan dan penegakkan</subfield>
    </datafield>
    <datafield tag="520" ind1="#" ind2="#">
      <subfield code="a">Identifikasi beberapa permasalahan dalam proyek perubahan ini sebagai berikut :&#13;
1. Perusahaan pertambangan banyak yang tidak memenuhi kewajiban Pasca Tambang, &#13;
2. Potensi Sumberdaya alam rusak dan lingkungan tercemar akibat tidak dilaksanakannya Reklamasi Pasca Tambang&#13;
3. Kerjasama antar stakeholder dalam menjaga Pengakkan Hukum pasca Tambang belum terintegrasi dengan baik&#13;
4. Kolaborasi antar stakeholder dalam penegakkan hukum pasca tambang belum terorganisir dengan baik&#13;
5. Pihak Kepolisian dalam hal ini Dirkrimsus belum dilibatkan dari awal pada proses pra penambangan&#13;
6. Integrasi data dan informasi perihal perusahaan pertambangan dan kegiatan pertambangan belum dilaksanakan&#13;
7. Kebijakan keterlibatan pihak kepolisian dalam hal pengawasan dari awal kegiatan pertambangan belum dirumuskan&#13;
8. Masyarakat disekitar pertambangan dirugikan dengan tidak terimplementasikannya kegiatan pasca tambang.</subfield>
    </datafield>
    <datafield tag="990" ind1="#" ind2="#">
      <subfield code="a">24.06.029</subfield>
    </datafield>
  </record>
</collection>
